000 00768nam a2200217Ii 4500
003 JO-AjNU
008 230605s9999||||xx |||||||||||||| ||und||
017 _a2009/5/1523
020 _a978-9957-32-448-3
040 _aJO-AjNU
_bara
_erda
_cJO-AjNU
041 _aara
050 1 4 _aTS155 2009
100 3 _aالمنصور، كاسر نصر ,
_eauthor
_928806
245 0 0 _aادارة العمليات الانتاجية الاسس النظرية والطرائق الكمية
264 3 1 _aعمان: دلر الحامد للنشر والتوزيع, 2009
300 _a512ص
336 _atext
_btxt
_2rdacontent
337 _aunmediated
_bn
_2rdamedia
338 _avolume
_bnc
_2rdacarrier
650 4 _aادارة الانتاج-ادارة الاعمال
_928807
999 _aA11218
_c14786
_d14786